000 00927nam a22002897a 4500
001 0183
003 DO-SdBPM
005 20260120085027.0
007 ta
008 151005b1990 sp a 00| 0 spa d
020 _a8430573054
040 _aDO-SdBPM
_bspa
_cBPMSU
_erda
082 4 _a500.1
_bG748L 1990
_2rda
100 1 _aSterry, Paul.
_eautor
_4aut.
245 1 3 _aEl gran libro de la naturaleza /
_cPaul Sterry ; traducción Salustiana Masó Simón
264 _aMadrid :
_bSusaeta, Ediciones,
_c1990.
300 _a79 páginas :
_bilustraciones ;
_c35 cm.
336 _atexto
_btxt
_2rdacontent
337 _asin mediación
_bn
_2rdamedia
338 _avolumen
_bnc
_2rda
590 _aInventariado, 2026/VM
650 7 _aNaturaleza
_xEnseñanza primaria.
650 7 _aCiencia
_xEnseñanza elemental.
700 1 _aMasó Simó, Salustiano
_etraductor
910 _aVMateo V. Control de calidad. BPMSU
942 _2ddc
_cBK
999 _c9290
_d9290